Sports Quiz

Random Sports Quiz
Score 0/35 Timer 10:00
0 Plays Today
Description Answer % Correct
Starting pitcherStephen Strasburg
96.2%
OutfielderBryce Harper
88.5%
Starting pitcherGio Gonzalez
84.6%
InfielderRyan Zimmerman
84.6%
Starting pitcherMax Scherzer
80.8%
CatcherWilson Ramos
80.8%
InfielderIan Desmond
80.8%
Outfielder Jayson Werth
80.8%
Starting pitcher Jordan Zimmermann
76.9%
Starting pitcherDoug Fister
69.2%
Relief pitcherDrew Storen
69.2%
OutfielderDenard Span
69.2%
InfielderDanny Espinosa
65.4%
Infielder Anthony Rendon
65.4%
OutfielderMichael Taylor
65.4%
Relief pitcher Tanner Roark
61.5%
InfielderYunel Escobar
61.5%
CatcherJose Lobaton
53.8%
Description Answer % Correct
OutfielderTyler Moore
50%
Relief pitcherAaron Barrett
46.2%
InfielderDan Uggla
46.2%
OutfielderReed Johnson
46.2%
Relief pitcherMatt Thornton
42.3%
Relief pitcher Casey Janssen
34.6%
Relief pitcherTaylor Jordan
34.6%
Relief pitcherCraig Stammen
34.6%
OutfielderClint Robinson
34.6%
Relief pitcher A.J. Cole
30.8%
Relief pitcherMatt Grace
26.9%
Relief pitcher Taylor Hill
26.9%
Relief pitcherSammy Solis
23.1%
Relief pitcherBlake Treinen
23.1%
InfielderWilmer Difo
23.1%
OutfielderMatt Den Dekker
15.4%
Relief pitcherRafael Martin
11.5%
Remove Ads.
Support Sporcle.
Get the best of Sporcle when you Go Orange. This ad-free experience offers more features, more stats, and more fun while also helping to support Sporcle. Thank you for becoming a member.

You're not logged in!

Compare scores with friends on all Sporcle quizzes.
OR
Log In

Show Comments

Extras

Top Quizzes Today


Score Distribution

Your Account Isn't Verified!

In order to create a playlist on Sporcle, you need to verify the email address you used during registration. Go to your Sporcle Settings to finish the process.

Report this User

Report this user for behavior that violates our Community Guidelines.

Details: